| 000 | 00613nam a22002417a 4500 | ||
|---|---|---|---|
| 003 | UA-OsUOA | ||
| 001 | 49917 | ||
| 007 | ta | ||
| 008 | 20071015b un ||||| |||| 00| 0 ukr d | ||
| 100 | _aШубин Б. М. | ||
| 090 |
_a8212.161.1 _bШ95 |
||
| 942 | _cBK | ||
| 040 |
_aUA-OsUOA _bukr _cUA-OsUOA _dUA-OsUOA |
||
| 245 | _aДопорлнение к портретам | ||
| 300 | _a256 с. | ||
| 955 | _a2 | ||
| 041 | _aukr | ||
| 080 | _a8212.161.1 | ||
| 020 | _a5-07-000089-6 | ||
| 260 |
_aМ. _c1989 |
||
| 650 | 7 |
_a82 Література. Літературознавство _2UDC |
|
| 999 |
_c336012 _d336012 |
||